Statistics for Countries of the World - Odd one Out

Click here to take the quiz!

General Stats

  • This quiz has been taken 163 times
  • The average score is 12 of 15

Answer Stats

HintOptionsCountry% Correct
Which country does not border the Democratic Republic of the Congo?Zambia, Angola, Kenya, Tanzania, RwandaKenya
95%
Which country is not landlocked?Uzbekistan, Turkmenistan, Afghanistan, Tajikistan, PakistanPakistan
95%
Which country was not one of the founding members of the European Union?Belgium, France, Italy, Austria, the NetherlandsAustria
93%
Through which country does the Danube not flow?Germany, Hungary, Austria, Czechia, SlovakiaCzechia
91%
Which country's flag does not contain the colour green?Guatemala, South Africa, Jamaica, Hungary, IrelandGuatemala
91%
Which country was not a part of Yugoslavia?Albania, Slovenia, Serbia, Croatia, MacedoniaAlbania
87%
Which country is not a member of ASEAN, the Association of Southeast Asian nations?East Timor, Thailand, Myanmar, Cambodia, VietnamEast Timor
86%
Which country does not lie on the Equator?Brazil, Uganda, Kenya, Colombia, PeruPeru
82%
Which country is not the location of a mountaintop 8000 metres above sea level?China, India, Afghanistan, Nepal, PakistanAfghanistan
80%
Which country was never colonized by Portugal?Ecuador, Mozambique, Angola, Brazil, East TimorEcuador
80%
Which country has a capital city that starts with the letter K?Japan, Argentina, Oman, Rwanda, Papua New GuineaRwanda
78%
In which country is the capital city not the largest city?Uganda, Canada, Egypt, Portugal, United KingdomCanada
77%
Which country is not a member of OPEC, the Organization of Petroleum Exporting Countries?Venezuela, Iraq, Kuwait, Qatar, NorwayNorway
73%
Which country lies entirely outside the Arctic Circle?United States, Russia, United Kingdom, Norway, SwedenUnited Kingdom
72%
Which country was not neutral during the First World War?the Netherlands, Spain, Portugal, Denmark, SwedenPortugal
65%

Score Distribution

Percentile by Number Answered

Percent of People with Each Score

Your Score History

You have not taken this quiz